Pokémon di tipo Acqua parziale - Statistics

Statistiche generali
  • Questo quiz è stato fatto 6 volte
  • Il punteggio medio è 72 su 95
Statistiche sulle risposte
Numero Pokédex Nazionale Tipo Tipo Pokémon % Corretto
184 Acqua Folletto Azumarill
100%
339 Acqua Terra Barboach
100%
400 Normale Acqua Bibarel
100%
318 Acqua Buio Carvanha
100%
170 Acqua Elettro Chinchou
100%
91 Acqua Ghiaccio Cloyster
100%
87 Acqua Ghiaccio Dewgong
100%
395 Acqua Acciaio Empoleon
100%
130 Acqua Volante Gyarados
100%
593 Acqua Spettro Jellicent
100%
140 Roccia Acqua Kabuto
100%
141 Roccia Acqua Kabutops
100%
647 Acqua Lotta Keldeo
100%
230 Acqua Drago Kingdra
100%
171 Acqua Elettro Lanturn
100%
131 Acqua Ghiaccio Lapras
100%
131 Acqua Ghiaccio Lapras Gigamax
100%
271 Acqua Erba Lombre
100%
270 Acqua Erba Lotad
100%
272 Acqua Erba Ludicolo
100%
226 Acqua Volante Mantine
100%
183 Acqua Folletto Marill
100%
259 Acqua Terra Marshtomp
100%
130 Acqua Buio MegaGyarados
100%
319 Acqua Buio MegaSharpedo
100%
80 Acqua Psico MegaSlowbro
100%
260 Acqua Terra MegaSwampert
100%
138 Roccia Acqua Omanyte
100%
139 Roccia Acqua Omastar
100%
484 Acqua Drago Palkia
100%
484 Acqua Drago Palkia (Forma Originale)
100%
279 Acqua Volante Pelipper
100%
62 Acqua Lotta Poliwrath
100%
195 Acqua Terra Quagsire
100%
211 Acqua Veleno Qwilfish
100%
369 Acqua Roccia Relicanth
100%
479 Elettro Acqua Rotom (Rotom Lavaggio)
100%
364 Ghiaccio Acqua Sealeo
100%
319 Acqua Buio Sharpedo
100%
80 Acqua Psico Slowbro
100%
199 Acqua Psico Slowking
100%
79 Acqua Psico Slowpoke
100%
363 Ghiaccio Acqua Spheal
100%
121 Acqua Psico Starmie
100%
283 Coleottero Acqua Surskit
100%
260 Acqua Terra Swampert
100%
72 Acqua Veleno Tentacool
100%
73 Acqua Veleno Tentacruel
100%
564 Acqua Roccia Tirtouga
100%
721 Fuoco Acqua Volcanion
100%
365 Ghiaccio Acqua Walrein
100%
340 Acqua Terra Whiscash
100%
278 Acqua Volante Wingull
100%
194 Acqua Terra Wooper
100%
752 Acqua Coleotttero Araquanid
75%
565 Acqua Roccia Carracosta
75%
222 Acqua Roccia Corsola
75%
342 Acqua Buio Crawdaunt
75%
592 Acqua Spettro Frillish
75%
423 Acqua Terra Gastrodon
75%
658 Acqua Buio Greninja
75%
658 Acqua Buio Greninja (Forma Ash)
75%
458 Acqua Volante Mantyke
75%
128 Lotta Acqua Tauros (Forma di Paldea Varietà Acquatica)
75%
751 Acqua Coleottero Dewpider
50%
580 Acqua Volante Ducklett
50%
747 Veleno Acqua Mareanie
50%
536 Acqua Terra Palpitoad
50%
730 Acqua Folletto Primarina
50%
503 Acqua Buio Samurott (Forma di Hisui)
50%
537 Acqua Terra Seismitoad
50%
690 Veleno Acqua Skrelp
50%
581 Acqua Volante Swanna
50%
788 Acqua Folletto Tapu Fini
50%
748 Veleno Acqua Toxapex
50%
767 Coleottero Acqua Wimpod
50%
1009 Acqua Drago Acquecrespe
25%
883 Acqua Ghiaccio Arctovish
25%
689 Roccia Acqua Barbaracle
25%
902 Acqua Spettro Basculegion (Femmina)
25%
902 Acqua Spettro Basculegion (Maschio)
25%
688 Roccia Acqua Binacle
25%
779 Acqua Psico Bruxish
25%
845 Volante Acqua Cramorant
25%
882 Acqua Drago Dracovish
25%
834 Acqua Roccia Drednaw
25%
834 Acqua Roccia Drednaw Gigamax
25%
768 Coleottero Acqua Golisopod
25%
1017 Erba Acqua Ogerpon (Maschera Pozzo)
25%
914 Acqua Lotta Quaquaval
25%
991 Ghiaccio Acqua Saccoferreo
25%
978 Drago Acqua Tatsugiri
25%
892 Lotta Acqua Urshifu Gigamax (Stile Pluricolpo)
25%
892 Lotta Acqua Urshifu (Stile Pluricolpo)
25%
976 Acqua Psico Veluza
25%
Nessun quiz corrispondente trovato
Distribuzione punteggi
Percentuale di utenti per punteggio
Percentile per numero di risposta
I tuoi punteggi nel tempo
Non hai fatto questo quiz